00868nam a2200205 a 4500001001000000003000500010005001700015008004100032010001100073011001100084040000900095100003000104245017400134260004100308500006000349502012400409650003000533650002900563856007000592000112872CHAP20220329144325.0170125s2016 mx sm |||||||spa d a109333 a110305 cCHAP1 aRamírez López, Arturo10aTolerancia del apio (Apium graveolens L. var. dulce) en suelos contaminados con plomo y su posible uso de fitorremediaciónh[En línea]cpor Arturo Ramírez López. aChapingo, Méx. :bEl autor,c2016. aPara ver el contenido del material haga clic en la liga aTesis (Ing. en Recursos Naturales Renovables) -- UACH. Departamento de Enseñanza Investigación y Servicio en Suelos14aApioxFitorremediación.14aSuelosxContaminación. aFinding aiduhttp://10.13.5.2/tesis/sist112872.pdfzTeclea aquí